Modely nákladov a cien

Enregistré dans:
Détails bibliographiques
Auteur principal: Zajac, Jaroslav
Collectivité auteur: Vysoká škola ekonomická v Bratislave. Národohospodárska fakulta
Format: Livre
Langue:slovaque
Publié: Bratislava VŠE 1989
Édition:1. vyd.
Tags: Ajouter un tag
Pas de tags, Soyez le premier à ajouter un tag!

MARC

LEADER 00000nam a2200000 4500
001 c025484
005 20221215070907.2
041 0 |a slo 
044 |a SK 
245 1 0 |a Modely nákladov a cien  |c Jaroslav Zajac 
250 |a 1. vyd. 
264 1 |a Bratislava  |b VŠE  |c 1989 
300 |a 230 s. 
100 1 |a Zajac, Jaroslav 
710 2 |a Vysoká škola ekonomická v Bratislave. Národohospodárska fakulta